|
|
|
|
| LEADER |
00896nam a22002532i 4500 |
| 001 |
001564409 |
| 003 |
CZ BrMZK |
| 005 |
20170428103016.0 |
| 007 |
ta |
| 008 |
170214s1975 gw er|||||||||||ger d |
| 040 |
|
|
|a BOA001
|b cze
|e rda
|
| 100 |
1 |
|
|a Schmidt, Thomas
|4 dis
|
| 245 |
1 |
4 |
|a Der Canalis hypoglossi :
|b Topographie, Form, Länge, Durchmesser und Volumen /
|c Thomas Schmidt
|
| 264 |
|
1 |
|a Würzburg :
|b Thomas Schmidt,
|c 1975
|
| 300 |
|
|
|a 44 stran
|
| 336 |
|
|
|a text
|b txt
|2 rdacontent
|
| 337 |
|
|
|a bez média
|b n
|2 rdamedia
|
| 338 |
|
|
|a svazek
|b nc
|2 rdacarrier
|
| 502 |
|
|
|a Disertace--Bayerische Julius-Maximilians-Universität Würzburg, 1975
|
| 710 |
2 |
|
|a Bayerische Julius-Maximilians-Universität Würzburg
|7 xx0121109
|4 isb
|
| 910 |
|
|
|a BOA001
|b X-0758.036
|
| 990 |
|
|
|a BK
|
| 991 |
|
|
|b 201702
|
| 996 |
7 |
|
|b 2619191627
|c X-0758.036
|l MZK
|r Sklad / do 24 hodin
|n 0
|w 001599841
|u 000010
|a 1
|e BOA001
|j MZK50
|s A
|